000 00503nam a2200181 i 4500
001 100749
003 ES-MaACL
005 20230906182735.0
007 t|
008 051005s1961 sp ||||1| spa d
100 1 _aMataix Aracil, Carlos.
_978910
245 1 0 _aGeometría analítica /
_cCarlos Mataix Aracil.
250 _a3ª ed.
260 _aMadrid :
_bDossat,
_c1961.
300 _a237 p. :
_bil. ;
_c20 cm.
650 4 _aGeometría analítica.
_913100
852 _aES-MaACL
_jC-20934
_bR.48922
999 _c100749
_d100749